| 000 | 00556nam a2200205Ia 4500 | ||
|---|---|---|---|
| 005 | 20260429112207.0 | ||
| 008 | 260429s9999||||xx |||||||||||||| ||und|| | ||
| 020 | _a9789388694957 | ||
| 041 | _aEnglish | ||
| 082 |
_a294.5 _bDUB |
||
| 100 | _aDubois, Abbe J. A. | ||
| 245 | 0 |
_aHindu : _bmanner, customs and ceremonies / _cAbbe J. A. Dubois |
|
| 250 | _a1st ed. | ||
| 260 |
_aChennai : _bMaven Books, _c2025. |
||
| 300 | _axxxiv, 741 p.; hb | ||
| 650 | _a Religious practices | ||
| 650 | _a Social customs | ||
| 650 | _aHindu customs | ||
| 942 | _cTB | ||
| 999 |
_c52823 _d52823 |
||